000 01337cam a22003137a 4500
001 15962815
003 OSt
005 20240729123007.0
008 091027s2009 enka b 001 0 eng d
010 _a 2009279356
020 _a9780521193955
020 _a0521193958
035 _a(OCoLC)ocn401145627
040 _aBTCTA
_cMUST
_dYDXCP
_dBWK
_dSUC
_dBWX
_dDLC
042 _alccopycat
082 _a384 LAP 2009
100 1 _aLapidoth, Amos.
_919026
245 1 2 _aA foundation in digital communication /
_cAmos Lapidoth.
260 _aCambridge ;
_aNew York :
_bCambridge University Press,
_c2009.
300 _axxv, 723 p. :
_bill. ;
_c26 cm.
504 _aIncludes bibliographical references (p. 697-701) and index.
650 0 _aDigital communications.
_96412
856 4 2 _3Contributor biographical information
_uhttp://www.loc.gov/catdir/enhancements/fy1001/2009279356-b.html
856 4 2 _3Publisher description
_uhttp://www.loc.gov/catdir/enhancements/fy1001/2009279356-d.html
856 4 1 _3Table of contents only
_uhttp://www.loc.gov/catdir/enhancements/fy1001/2009279356-t.html
906 _a7
_bcbc
_ccopycat
_d2
_encip
_f20
_gy-gencatlg
942 _2ddc
_cO_SHELF
999 _c9307
_d9307